000 00640nam a2200253Ia 4500
005 20260121160938.0
008 008 260114s9999 xx 000 0 eng d
020 _a9781315594309
037 _aEBOOK
040 _aCRL
040 _beng
040 _cCRL
041 _2eng
041 _aeng
084 _qCRL
100 _a Anders Emil Rasmussen; Peter Bjerregaard; Tim Flohr S›rensen
_91038285
245 0 _aMaterialities of Passing
260 _bTaylor and Francis
260 _c2016
856 _uhttp://www.taylorfrancis.com/books/9781315594309
942 _cEBOOK
999 _c1605101
_d1605101